Higher education in the twenty-first century: vision and action (Record no. 76181)
[ view plain ]
| 000 -LEADER | |
|---|---|
| fixed length control field | 00865nam a2200181 a 4500 |
| 008 - FIXED-LENGTH DATA ELEMENTS--GENERAL INFORMATION | |
| fixed length control field | 080828s1998 ||||||||||||||||| || u |
| 050 ## - LIBRARY OF CONGRESS CALL NUMBER | |
| Classification number | UNESCO(02) |
| 110 ## - MAIN ENTRY--CORPORATE NAME | |
| Corporate name or jurisdiction name as entry element | United Nations Educational, Scientific and Cultural Organization (UNESCO) |
| 245 10 - TITLE STATEMENT | |
| Title | Higher education in the twenty-first century: vision and action |
| 246 ## - | |
| -- | World Conference on Higher education final report |
| 250 ## - EDITION STATEMENT | |
| Edition statement | 1998 |
| 260 ## - PUBLICATION, DISTRIBUTION, ETC. | |
| Place of publication, distribution, etc. | Paris |
| Name of publisher, distributor, etc. | UNITED NATIONS |
| Date of publication, distribution, etc. | 1998 |
| 300 ## - PHYSICAL DESCRIPTION | |
| Extent | 135 pages |
| 350 ## - | |
| -- | 0.00 |
| 650 ## - SUBJECT ADDED ENTRY--TOPICAL TERM | |
| Topical term or geographic name entry element | UNIVERSITIES AND COLLEGES--CONGRESSES |
| 995 ## - | |
| -- | SPECIAL COLLECTIONS |
| -- | 0.00 |
| -- | 03002577 |
| -- | CBU-MAIN LIBRARY (Kitwe) |
| -- | 1 |
| -- | 0.00 |
| -- | UNESCO(02)1998/ 1 |
| -- | 1 |
| -- | AVAILABLE |
| -- | Aug 28, 2008 |
| -- | 03002577 |
| -- | International Publications |
| 995 ## - | |
| -- | SPECIAL COLLECTIONS |
| -- | 1556 |
| -- | CBU-MAIN LIBRARY (Kitwe) |
| -- | 0.00 |
| -- | UNESCO(02)1998/1B |
| -- | 2 |
| -- | AVAILABLE |
| -- | Aug 15, 2014 |
| -- | B1556 |
| -- | International Publications |
| 999 ## - | |
| -- | 76181 |
| -- | 76181 |
| Withdrawn status | Lost status | Source of classification or shelving scheme | Damaged status | Not for loan | Permanent Location | Current Location | Shelving location | Date acquired | Total Checkouts | Full call number | Barcode | Date last seen | Copy number | Price effective from | Koha item type |
|---|---|---|---|---|---|---|---|---|---|---|---|---|---|---|---|
| CBU-MAIN LIBRARY, KITWE. | CBU-MAIN LIBRARY, KITWE. | 04/25/2023 | UNESCO(02)1998/1 | 03002577 | 04/25/2023 | 1 | 04/25/2023 | SPECIAL COLLECTION | |||||||
| CBU-MAIN LIBRARY, KITWE. | CBU-MAIN LIBRARY, KITWE. | 04/25/2023 | UNESCO(02)1998/B | B1556 | 04/25/2023 | 2 | 04/25/2023 | SPECIAL COLLECTION |